| 000 | 01392aam a2200433 4500 | ||
|---|---|---|---|
| 005 | 20241016114102.0 | ||
| 008 | 150304b xxu||||| |||| 00| 0 spa d | ||
| 041 | _aspa | ||
| 082 | _a658.3 D996e | ||
| 100 |
_aDyer, William _912747 |
||
| 100 |
_aGibb, Dyer Jr _912748 |
||
| 100 |
_aDyer, Jeffrey _912749 |
||
| 245 | _aEquipos de trabajo de alto desempeño: estrategias infalibles para perfeccionarlos | ||
| 260 |
_aMéxico _bPatria _c2012 |
||
| 300 | _a246 páginas | ||
| 650 | _aEQUIPOS DE TRABAJO | ||
| 650 | _aDIRECCION DE EMPRESAS | ||
| 650 | _aMOTIVACION LABORAL | ||
| 650 | _aCONFLICTOS LABORALES | ||
| 650 | _aCOMPETENCIAS DEL EQUIPO DE TRABAJO | ||
| 650 | _aMANEJO DEL EQUIPO DE TRABAJO | ||
| 650 | _aCOMPOSICIÓN DEL EQUIPO DE TRABAJO | ||
| 650 | _aLIDERAZGO INTELECTUAL | ||
| 650 | _aDESARROLLO DE HABILIDADES | ||
| 650 | _aCANALES DE COMUNICACIÓN | ||
| 650 | _aMANEJO DE CONFLICTOS | ||
| 650 | _aEL LÍDER COMO COACH | ||
| 650 | _aOBTENCIÓN DE DATOS | ||
| 650 | _aDIAGNOSTICO Y ANÁLISIS DE DATOS | ||
| 650 | _aSOLUCIÓN DE PROBLEMAS EN GRUPO | ||
| 650 | _aMÉTODO DE INVESTIGACIÓN | ||
| 650 | _aRETROALIMENTACIÓN PARA MEJORAR EL DESEMPEÑO | ||
| 650 | _aTIPOS DE RETROALIMENTACIÓN | ||
| 650 | _aMANEJO DE CONFLICTOS | ||
| 650 | _aCONSENSO | ||
| 650 | _aREDUCIR CONFLICTOS | ||
| 650 | _aDISEÑO DE UN EQUIPO TEMPORAL | ||
| 942 | _cBK | ||
| 999 |
_c2020 _d2020 |
||